Miasta i wsie w powiecie limanowskim - Statystyki

Ogólne statystyki
  • Ten quiz został rozwiązany 23 razy
  • Średni wynik to 36 z 88
Statystyki odpowiedzi
Gmina Odpowiedź % Poprawnych
Dobra Dobra
87%
Laskowa Laskowa
87%
Limanowa (miejska) Limanowa
87%
Mszana Dolna (miejska) Mszana Dolna
87%
Jodłownik Jodłownik
80%
Kamienica Kamienica
80%
Mszana Dolna (wiejska) Mszana Górna
80%
Niedźwiedź Niedźwiedź
80%
Szczawa Szczawa
80%
Tymbark Tymbark
80%
Dobra Jurków
73%
Łukowica Łukowica
73%
Słopnice Słopnice
73%
Jodłownik Szczyrzyc
73%
Mszana Dolna (wiejska) Kasinka Mała
67%
Dobra Skrzydlna
67%
Tymbark Zamieście
67%
Dobra Gruszowiec
60%
Mszana Dolna (wiejska) Kasina Wielka
60%
Mszana Dolna (wiejska) Łostówka
60%
Limanowa (wiejska) Męcina
60%
Limanowa (wiejska) Mordarka
60%
Tymbark Podłopień
60%
Jodłownik Góra Świętego Jana
53%
Limanowa (wiejska) Łososina Górna
53%
Tymbark Piekiełko
53%
Limanowa (wiejska) Pisarzowa
53%
Niedźwiedź Poręba Wielka
53%
Limanowa (wiejska) Sowliny
53%
Jodłownik Szyk
53%
Dobra Wola Skrzydlańska
53%
Dobra Chyszówki
47%
Jodłownik Pogorzany
47%
Dobra Półrzeczki
47%
Dobra Przenosza
47%
Dobra Wilczyce
47%
Jodłownik Wilkowisko
47%
Limanowa (wiejska) Wysokie
47%
Tymbark Zawadka
47%
Jodłownik Krasne-Lasocice
40%
Mszana Dolna (wiejska) Łętowe
40%
Limanowa (wiejska) Nowe Rybie
40%
Dobra Porąbka
40%
Jodłownik Sadek
40%
Limanowa (wiejska) Stara Wieś
40%
Dobra Stróża
40%
Kamienica Zalesie
40%
Jodłownik Janowice
33%
Limanowa (wiejska) Pasierbiec
33%
Mszana Dolna (wiejska) Raba Niżna
33%
Łukowica Świdnik
33%
Laskowa Ujanowice
33%
Kamienica Zbludza
33%
Limanowa (wiejska) Kanina
27%
Jodłownik Kostrza
27%
Limanowa (wiejska) Koszary
27%
Limanowa (wiejska) Lipowe
27%
Mszana Dolna (wiejska) Lubomierz
27%
Jodłownik Mstów
27%
Mszana Dolna (wiejska) Olszówka
27%
Łukowica Przyszowa
27%
Łukowica Roztoka
27%
Limanowa (wiejska) Siekierczyna
27%
Limanowa (wiejska) Stare Rybie
27%
Kamienica Zasadne
27%
Laskowa Żmiąca
27%
Laskowa Kamionka Mała
20%
Limanowa (wiejska) Kłodne
20%
Niedźwiedź Konina
20%
Łukowica Młyńczyska
20%
Limanowa (wiejska) Rupniów
20%
Limanowa (wiejska) Bałażówka
13%
Laskowa Jaworzna
13%
Limanowa (wiejska) Kisielówka
13%
Laskowa Krosna
13%
Łukowica Owieczka
13%
Niedźwiedź Podobin
13%
Laskowa Sechna
13%
Jodłownik Słupia
13%
Mszana Dolna (wiejska) Glisne
7%
Łukowica Jadamwola
7%
Łukowica Jastrzębie
7%
Laskowa Kobyłczyna
7%
Limanowa (wiejska) Makowica
7%
Łukowica Stronie
7%
Laskowa Strzeszyce
7%
Limanowa (wiejska) Młynie
0%
Limanowa (wiejska) Walowa Góra
0%
Nie znaleziono quizów pasujących do podanych kryteriów
Rozkład punktacji
Procent ludzi z każdym wynikiem
Percentyl według liczby udzielonych odpowiedzi
Twoja historia wyników
Nie rozwiązałeś tego quizu